Statistics for 70's Songs Title in the Lyrics

Click here to take the quiz!

General Stats

  • This quiz has been taken 170 times
  • The average score is 4 of 14

Answer Stats

HintAnswer% Correct
And he's __, __ ___ __ /Baddest man in the whole damn townbad bad leroy brown
63%
I wanna get lost in your rock and roll and ___ ___drift away
59%
I'm not not the man they think I am at home, oh no no no /I'm a ___ _rocket man
54%
We're still havin' fun /And you're ___ __ ___still the one
51%
Oh you gonna let it all hang out /_ ___ __ you make the rockin' world go roundfat bottomed girls
47%
People livin in competition /All I want is to have my ___ _ ___peace of mind
34%
I guess you're ___ ___ _ ____ /I needed someone to feedjust what I needed
22%
Well I keep on thinkin' bout you /____ ___ ___ surprise /And I just can't live without youSister golden hair
22%
____! /When the feeling is gone and you can't go on /It's ___!tragedy
22%
___ missed the boat that day he left the shop /But that was all he missed, he ain't coming backLido (Shuffle)
19%
Climbin up on ____ __ /I could see the city lightsSolsbury hill
10%
I want to __ __ _ ___ /To the seafly like an eagle
9%
Can I just have one more ___ with you? /My love.moondance
8%
You let me know /Everything's alright /Iiiiii'm ___ _ _ ___!hooked on a feelin
6%

Score Distribution

Percentile by Number Answered

Percent of People with Each Score

Your Score History

You have not taken this quiz